Statystyki dla Najwięcej bramek w francuskiej rep. piłki nożnej

Kliknij tutaj aby rozwiązać quiz!

Ogólne statystyki

  • Ten quiz został rozwiązany 265 razy
    (131 od ostatniego zresetowania)
  • Średni wynik to 5 z 11

Statystyki odpowiedzi

Liczba goliPiłkarz% Poprawnych
39Olivier Giroud
81%
31Zinédine Zidane
74%
59Thierry Henry
73%
27Karim Benzema
65%
30Antoine Griezmann
59%
41Michel Platini
49%
34David Trezeguet
39%
30Jean-Pierre Papin
22%
36Kylian Mbappe
18%
30Just Fontaine
16%
28Youri Djorkaeff
3%

Rozkład punktacji

Percentyl według liczby udzielonych odpowiedzi

Procent ludzi z każdym wynikiem

Twoja historia wyników

Nie rozwiązałeś tego quizu od ostatniego zresetowania